Complete Idiots Guide to M.B.A. (Record no. 152782)

MARC details
000 -LEADER
fixed length control field 00447nam a22001697a 4500
005 - DATE AND TIME OF LATEST TRANSACTION
control field 20180618134856.0
020 ## - INTERNATIONAL STANDARD BOOK NUMBER
International Standard Book Number 8120314352
035 ## - SYSTEM CONTROL NUMBER
System control number A-950503
037 ## - SOURCE OF ACQUISITION
Source of stock number/acquisition BPPD/PUB
082 ## - DEWEY DECIMAL CLASSIFICATION NUMBER
Classification number 658
082 ## - DEWEY DECIMAL CLASSIFICATION NUMBER
Classification number 658
100 ## - MAIN ENTRY--PERSONAL NAME
Personal name Tom Gorman
245 ## - TITLE STATEMENT
Title Complete Idiots Guide to M.B.A.
Statement of responsibility, etc by Gorman Tom
260 ## - PUBLICATION, DISTRIBUTION, ETC. (IMPRINT)
Place of publication, distribution, etc New Delhi
Name of publisher, distributor, etc Prentice-Hall of India
Date of publication, distribution, etc 1998
300 ## - PHYSICAL DESCRIPTION
Extent xxiii, 387p.
Dimensions 23cm, (HB)
942 ## - ADDED ENTRY ELEMENTS (KOHA)
Source of classification or shelving scheme Dewey Decimal Classification
Item type English Books
Classification part 658
Call number suffix GOR
Holdings
Withdrawn status Lost status Not for loan Collection code Home library Current library Date acquired Source of acquisition Cost, normal purchase price Full call number Barcode Cost, replacement price Koha item type
      Non-fiction Shahdara Branch Shahdara Branch 18/06/2018 BPPD/PUB 150.00 658 GOR A-950503 150.00 English Books

© Delhi Public Library
Hit Counter
free hit counter